Loading...

كتاب

Bibliographic Details
Main Authors: عبد االله بن علوى الحداد, Abdhulla ibnu Ulvi Hidad
Format: Printed Book
Published: Istanbul: Hakikat Kitabevi; 2010.
Subjects:
LEADER 00580nam a22001817a 4500
082 |a 297  |b HAD/K 
100 |a عبد االله بن علوى الحداد 
100 |a Abdhulla ibnu Ulvi Hidad 
245 |a كتاب  |c Kithab 
260 |a Istanbul:  |b Hakikat Kitabevi;  |c 2010. 
300 |a 222p. 
500 |a includes index 
650 |a Islam 
650 |a Islamic studies 
650 |a دراسات الاسلام 
942 |c BK 
999 |c 303243  |d 303243 
952 |0 0  |1 0  |4 0  |6 297_000000000000000_HAD_K  |7 0  |9 323776  |a ARA  |b ARA  |d 2020-10-13  |l 0  |o 297 HAD/K  |p ARA3126  |r 2020-10-13  |w 2020-10-13  |y BK